00539nam a2200205 a 450000100060000000300090000600800410001502000150005604000280007108200100009910000190010924500190012826000370014730000100018449000280019465000430022265000390026594200120030499900170031619366CO-ViMGA141112s2004 ck r 000 u spa d a8426110037 aCO-ViMGAbspacCO-ViMGA04aHERst1 aHerge, 92782810aStock de Coque aBarcelona : bEd. Juventud; 1998 a62 p. aLas Aventuras de Tintin14aCUENTOS INFANTILES DE AVENTURAS92782914aTIRAS COMICAS - HISTORIETAS927830 2ddccBK c28523d28523